Statistics for Најмногољудније државе света

Click here to take the quiz!

General Stats

  • This quiz has been taken 1 710 times
  • The average score is 16 of 24

Answer Stats

СтановништвоДржава% Correct
1,447 мил.Кина
100%
146 мил.Русија
97%
1,380 мил.Индија
97%
331 мил.Сједињене Америчке Државе
94%
83.8 мил.Немачка
92%
68.1 мил.Француска
89%
213 мил.Бразил
89%
127 мил.Јапан
86%
67.9 мил.Уједињено Краљевство
76%
129 мил.Мексико
73%
102 мил.Египат
70%
274 мил.Индонезија
70%
60.5 мил.Италија
69%
84.4 мил.Турска
68%
221 мил.Пакистан
64%
206 мил.Нигерија
63%
84.0 мил.Иран
57%
165 мил.Бангладеш
56%
89.6 мил.Д.Р. Конго
47%
69.8 мил.Тајланд
42%
115 мил.Етиопија
41%
110 мил.Филипини
40%
97.4 мил.Вијетнам
38%
59.7 мил.Танзанија
18%

Score Distribution

Percentile by Number Answered

Percent of People with Each Score

Your Score History

You have not taken this quiz